Statistics for Regions (krajs) of Czech Republic

Click here to take the quiz!

General Stats

  • This quiz has been taken 102 times
  • The average score is 6 of 14

Answer Stats

Answer % Correct
Prague
100%
Pilsen
54%
Liberec
51%
Central Bohemian
47%
South Bohemian
44%
Karlovy Vary
44%
Olomouc
39%
Zlín
39%
Ústí nad Labem
37%
Pardubice
37%
Hradec Králové
32%
South Morvaian
32%
Vysočina
31%
Moravian-Silesian
31%

Score Distribution

Percentile by Number Answered

Percent of People with Each Score

Your Score History

You have not taken this quiz